The epic of Gesar, Tibet's hero-king / (Record no. 89625)

MARC details
000 -LEADER
fixed length control field 00888cam a22002771a 4500
001 - CONTROL NUMBER
control field sa 68020900
003 - CONTROL NUMBER IDENTIFIER
control field DLC
005 - DATE AND TIME OF LATEST TRANSACTION
control field 20260227112728.0
008 - FIXED-LENGTH DATA ELEMENTS--GENERAL INFORMATION
fixed length control field 810403s1965 ii a 000 0 tibo
010 ## - LIBRARY OF CONGRESS CONTROL NUMBER
LC control number sa 68020900
020 ## - INTERNATIONAL STANDARD BOOK NUMBER
Terms of availability Rs25.00
025 ## - OVERSEAS ACQUISITION NUMBER
Overseas acquisition number PL480: I-Tib-55
035 ## - SYSTEM CONTROL NUMBER
System control number (OCoLC)7304514
040 ## - CATALOGING SOURCE
Original cataloging agency DLC
Transcribing agency InU
Modifying agency DLC
050 00 - LIBRARY OF CONGRESS CALL NUMBER
Classification number PL3748
Item number .G42 1965
130 0# - MAIN ENTRY--UNIFORM TITLE
Uniform title Gesar.
Name of part/section of a work ʼJaṅ gliṅ
245 14 - TITLE STATEMENT
Title The epic of Gesar, Tibet's hero-king /
Statement of responsibility, etc. edited and published by Lobpon Tenzin Namdak.
260 ## - PUBLICATION, DISTRIBUTION, ETC.
Place of publication, distribution, etc. [Rdi-li :
Name of publisher, distributor, etc. Namdak,
Date of publication, distribution, etc. 1965]
300 ## - PHYSICAL DESCRIPTION
Extent 400 p. :
Other physical details ill. ;
Dimensions 24 cm.
500 ## - GENERAL NOTE
General note In Tibetan; preface in English.
500 ## - GENERAL NOTE
General note "Printed from original manuscript."
500 ## - GENERAL NOTE
General note Pp. 383-400 contain an errata list and discussions of Tibetan lore.
650 #0 - SUBJECT ADDED ENTRY--TOPICAL TERM
Topical term or geographic name entry element Epic literature, Tibetan.
650 #0 - SUBJECT ADDED ENTRY--TOPICAL TERM
Topical term or geographic name entry element Tibetan language
General subdivision Texts.
700 1# - ADDED ENTRY--PERSONAL NAME
Personal name Namdak, Tenzin,
Dates associated with a name 1926-

No items available.

Powered by Koha